000 00286nam a22001337a 4500
008 170213b xxu||||| |||| 00| 0 eng d
020 _a9781416024200
041 _aeng
080 _210ED
_a61
100 _a4
101 _aSHM
245 _aMEDICAL ASSISTANT
_cYOUNG.P
942 _2udc
_cBK
999 _c5221
_d5221